000 00887na a2200289 4500
001 22198
003 MIRAKIL
005 20181226092845.0
008 170212b tu n0 0 0
035 _a20919
040 _aMilas
_btur
_cTR-AnCHP
041 _atur
090 _a050 DER 123
222 _aAyın tarihi
245 _aAyın tarihi
246 _aAyın tarihi dergisi
260 _aAnkara
_bBasın Yayın Genel Müdürlüğü
_c1981-
300 _ac.
_brnk. res.
_c24 sm.
310 _a3 aylık
362 _aTemmuz-Ağustos-Eylül 1999 -
500 _aGünlük gazetelerde yer alan siyasi, ekonomik ve sosyal haberlerin oluşur
650 _aSiyasal tarih
_vSüreli yayınlar
_zTürkiye
651 _aTürkiye
_vSüreli yayınlar
_xTarih
910 _aDergi 123
942 _2ddc
_cSER
999 _c11444
_d11444